Magyarország népeinek harca a török hódítók ellen 1526-1541 /

Elmentve itt :
Bibliográfiai részletek
Szerző: Szántó Imre
Dokumentumtípus: Cikk
Megjelent: University of Szeged, Magyar Medievisztikai Kutatócsoport Szeged 1977
Sorozat:Acta Universitatis Szegediensis : acta historica 61
Kulcsszavak:Magyarország története - középkor, Hadtörténet - magyar
Tárgyszavak:
Online Access:http://acta.bibl.u-szeged.hu/4171
LEADER 00868nab a2200217 i 4500
001 acta4171
005 20260205150357.0
008 161015s1977 hu o 000 hun d
022 |a 0324-6965 
040 |a SZTE Egyetemi Kiadványok Repozitórium  |b hun 
041 |a hun 
041 |a ger 
100 1 |a Szántó Imre 
245 1 0 |a Magyarország népeinek harca a török hódítók ellen   |h [elektronikus dokumentum] :  |b 1526-1541 /  |c  Szántó Imre 
260 |a University of Szeged, Magyar Medievisztikai Kutatócsoport  |b Szeged  |c 1977 
300 |a 0-163 
490 0 |a Acta Universitatis Szegediensis : acta historica  |v 61 
650 4 |a Bölcsészettudományok 
650 4 |a Történettudomány és régészet 
695 |a Magyarország története - középkor, Hadtörténet - magyar 
856 4 0 |u http://acta.bibl.u-szeged.hu/4171/1/historica_061_000-163.pdf  |z Dokumentum-elérés